<?xml version="1.0" encoding="UTF-8"?>
<record
    xmlns:xsi="http://www.w3.org/2001/XMLSchema-instance"
    xsi:schemaLocation="http://www.loc.gov/MARC21/slim http://www.loc.gov/standards/marcxml/schema/MARC21slim.xsd"
    xmlns="http://www.loc.gov/MARC21/slim">

  <leader>00501nam a22001577a 4500</leader>
  <controlfield tag="003">OSt</controlfield>
  <controlfield tag="005">20151203091517.0</controlfield>
  <controlfield tag="008">151203b        xxu||||| |||| 00| 0 eng d</controlfield>
  <datafield tag="040" ind1=" " ind2=" ">
    <subfield code="c">RUA</subfield>
  </datafield>
  <datafield tag="082" ind1=" " ind2=" ">
    <subfield code="a">FIS PEL 2008 B180 Or.1</subfield>
  </datafield>
  <datafield tag="100" ind1=" " ind2=" ">
    <subfield code="9">4180</subfield>
    <subfield code="a">PEL, SAMNANG.</subfield>
  </datafield>
  <datafield tag="245" ind1=" " ind2=" ">
    <subfield code="a">Production and nursing of silver barb, &#x1780;&#x17B6;&#x179A;&#x1795;&#x179B;&#x17B7;&#x178F;&#x1796;&#x17BC;&#x1787;&#x178F;&#x17D2;&#x179A;&#x17B8;&#x1786;&#x17D2;&#x1796;&#x17B7;&#x1793;&#x1793;&#x17B7;&#x1784;&#x1780;&#x17B6;&#x179A;&#x1790;&#x17C2;&#x1794;&#x17C9;&#x1794;&#x17C9;&#x1793;</subfield>
  </datafield>
  <datafield tag="260" ind1=" " ind2=" ">
    <subfield code="a">Phnom Penh</subfield>
    <subfield code="b">RUA</subfield>
    <subfield code="c">2008</subfield>
  </datafield>
  <datafield tag="300" ind1=" " ind2=" ">
    <subfield code="a">xiii; 65p.</subfield>
    <subfield code="b">ill.</subfield>
    <subfield code="c">29cm.</subfield>
  </datafield>
  <datafield tag="942" ind1=" " ind2=" ">
    <subfield code="2">ddc</subfield>
    <subfield code="c">FIS</subfield>
  </datafield>
  <datafield tag="999" ind1=" " ind2=" ">
    <subfield code="c">3894</subfield>
    <subfield code="d">3894</subfield>
  </datafield>
  <datafield tag="952" ind1=" " ind2=" ">
    <subfield code="0">0</subfield>
    <subfield code="1">0</subfield>
    <subfield code="2">ddc</subfield>
    <subfield code="4">0</subfield>
    <subfield code="6">FIS_PEL_2008_000000000000000_B180_OR_1</subfield>
    <subfield code="7">0</subfield>
    <subfield code="9">19626</subfield>
    <subfield code="a">LBB</subfield>
    <subfield code="b">LBB</subfield>
    <subfield code="c">B180</subfield>
    <subfield code="d">2015-12-03</subfield>
    <subfield code="o">FIS PEL 2008 B180 Or.1</subfield>
    <subfield code="p">RUA019628</subfield>
    <subfield code="r">2015-12-03</subfield>
    <subfield code="w">2015-12-03</subfield>
    <subfield code="y">FIS</subfield>
  </datafield>
  <datafield tag="952" ind1=" " ind2=" ">
    <subfield code="0">0</subfield>
    <subfield code="1">0</subfield>
    <subfield code="2">ddc</subfield>
    <subfield code="4">0</subfield>
    <subfield code="6">FIS_PEL_2008_000000000000000_B180_OR_2</subfield>
    <subfield code="7">0</subfield>
    <subfield code="9">19627</subfield>
    <subfield code="a">LBB</subfield>
    <subfield code="b">LBB</subfield>
    <subfield code="c">B180</subfield>
    <subfield code="d">2015-12-03</subfield>
    <subfield code="l">4</subfield>
    <subfield code="o">FIS PEL 2008 B180 Or.2</subfield>
    <subfield code="p">RUA019772</subfield>
    <subfield code="r">2023-03-24</subfield>
    <subfield code="s">2023-03-20</subfield>
    <subfield code="w">2015-12-03</subfield>
    <subfield code="y">FIS</subfield>
  </datafield>
  <datafield tag="952" ind1=" " ind2=" ">
    <subfield code="0">0</subfield>
    <subfield code="1">0</subfield>
    <subfield code="2">ddc</subfield>
    <subfield code="4">0</subfield>
    <subfield code="6">FIS_PEL_2008_000000000000000_B180_OR_3</subfield>
    <subfield code="7">0</subfield>
    <subfield code="9">19628</subfield>
    <subfield code="a">LBB</subfield>
    <subfield code="b">LBB</subfield>
    <subfield code="c">B180</subfield>
    <subfield code="d">2015-12-03</subfield>
    <subfield code="o">FIS PEL 2008 B180 Or.3</subfield>
    <subfield code="p">RUA019558</subfield>
    <subfield code="r">2015-12-03</subfield>
    <subfield code="w">2015-12-03</subfield>
    <subfield code="y">FIS</subfield>
  </datafield>
  <datafield tag="952" ind1=" " ind2=" ">
    <subfield code="0">0</subfield>
    <subfield code="1">0</subfield>
    <subfield code="2">ddc</subfield>
    <subfield code="4">0</subfield>
    <subfield code="6">FIS_PEL_2008_000000000000000_B180_OR_4</subfield>
    <subfield code="7">0</subfield>
    <subfield code="9">19629</subfield>
    <subfield code="a">LBB</subfield>
    <subfield code="b">LBB</subfield>
    <subfield code="c">B180</subfield>
    <subfield code="d">2015-12-03</subfield>
    <subfield code="o">FIS PEL 2008 B180 Or.4</subfield>
    <subfield code="p">RUA019573</subfield>
    <subfield code="r">2015-12-03</subfield>
    <subfield code="w">2015-12-03</subfield>
    <subfield code="y">FIS</subfield>
  </datafield>
  <datafield tag="952" ind1=" " ind2=" ">
    <subfield code="0">0</subfield>
    <subfield code="1">0</subfield>
    <subfield code="2">ddc</subfield>
    <subfield code="4">0</subfield>
    <subfield code="6">FIS_PEL_2008_000000000000000_B180_OR_5</subfield>
    <subfield code="7">0</subfield>
    <subfield code="9">19630</subfield>
    <subfield code="a">LBB</subfield>
    <subfield code="b">LBB</subfield>
    <subfield code="c">B180</subfield>
    <subfield code="d">2015-12-03</subfield>
    <subfield code="o">FIS PEL 2008 B180 Or.5</subfield>
    <subfield code="p">RUA011711</subfield>
    <subfield code="r">2015-12-03</subfield>
    <subfield code="w">2015-12-03</subfield>
    <subfield code="y">FIS</subfield>
  </datafield>
  <datafield tag="952" ind1=" " ind2=" ">
    <subfield code="0">0</subfield>
    <subfield code="1">0</subfield>
    <subfield code="2">ddc</subfield>
    <subfield code="4">0</subfield>
    <subfield code="6">FIS_PEL_2008_000000000000000_B180_OR_6</subfield>
    <subfield code="7">0</subfield>
    <subfield code="9">19631</subfield>
    <subfield code="a">LBB</subfield>
    <subfield code="b">LBB</subfield>
    <subfield code="c">B180</subfield>
    <subfield code="d">2015-12-03</subfield>
    <subfield code="o">FIS PEL 2008 B180 Or.6</subfield>
    <subfield code="p">RUA011301</subfield>
    <subfield code="r">2015-12-03</subfield>
    <subfield code="w">2015-12-03</subfield>
    <subfield code="y">FIS</subfield>
  </datafield>
  <datafield tag="952" ind1=" " ind2=" ">
    <subfield code="0">0</subfield>
    <subfield code="1">0</subfield>
    <subfield code="2">ddc</subfield>
    <subfield code="4">0</subfield>
    <subfield code="6">FIS_PEL_2008_000000000000000_B180_OR_7</subfield>
    <subfield code="7">0</subfield>
    <subfield code="9">19632</subfield>
    <subfield code="a">LBB</subfield>
    <subfield code="b">LBB</subfield>
    <subfield code="c">B180</subfield>
    <subfield code="d">2015-12-03</subfield>
    <subfield code="o">FIS PEL 2008 B180 Or.7</subfield>
    <subfield code="p">RUA011367</subfield>
    <subfield code="r">2015-12-03</subfield>
    <subfield code="w">2015-12-03</subfield>
    <subfield code="y">FIS</subfield>
  </datafield>
  <datafield tag="952" ind1=" " ind2=" ">
    <subfield code="0">0</subfield>
    <subfield code="1">0</subfield>
    <subfield code="2">ddc</subfield>
    <subfield code="4">0</subfield>
    <subfield code="6">FIS_PEL_2008_000000000000000_B180_OR_8</subfield>
    <subfield code="7">0</subfield>
    <subfield code="9">99662</subfield>
    <subfield code="a">LBB</subfield>
    <subfield code="b">LBB</subfield>
    <subfield code="d">2024-07-08</subfield>
    <subfield code="o">FIS PEL 2008 B180 Or.8</subfield>
    <subfield code="p">A079401</subfield>
    <subfield code="r">2024-07-08</subfield>
    <subfield code="w">2024-07-08</subfield>
    <subfield code="y">FIS</subfield>
  </datafield>
</record>
